000 02461cab a2200289 ab4500
005 20241106124140.0
008 991125c2016 sp tr p o 000 0 spa d
035 _aUPN01000228568
040 _aMX-MxUPN
_bspa
_cMX-MxUPN
_eaacr2
049 _aART-E
100 1 _aEzquerra Martínez, Angel
_6- angel.ezquerra@edu.ucm.es
100 1 _aBurgos Jiménez, Esther
100 1 _aManso Lorenzo, Javier
245 1 0 _aEstudio comparativo sobre las estrategias desarrolladas por los futuros docentes de primaria y secundaria en la elaboración de audiovisuales educativos
506 0 _aAcceso abierto
520 3 _aEn el presente trabajo describimos una propuesta educativa dirigida a estudiantes del Máster de Secundaria (51 alumnos) y del Grado en Educación Primaria (49 alumnos) en la que los futuros docentes se enfrentaron a la creación de un documental educativo de contenido científico. Los estudiantes llevaron a cabo todas las etapas de la creación de un vídeo documental. En concreto, tuvieron que estructurar y organizar los grupos de trabajo, recopilar y gestionar información, elaborar un guion, grabar y, por último, montar y editar el material audiovisual. El enfoque de la propuesta apuesta por un cambio en los modos de enseñanza teniendo en cuenta los audiovisuales como una nueva forma de comunicarse demandada por nuestra sociedad y el aprendizaje por proyectos como el modo natural en el que experimentar este lenguaje. Para analizar los diferentes pasos del proyecto se realizó una entrevista semiestructurada al finalizar el trabajo. El análisis de contenidos resultante mostró cómo la formación previa era determinante para enfrentarse a las distintas etapas. Además, pudimos observar varios aspectos interesantes como el considerable uso que hicieron de la información en formato audiovisual o los diferentes tipos de estructuras organizativas dentro de los grupos de trabajo. Eureka
650 4 _aAprendizaje basado en proyectos
_927842
653 0 _aFormación docente
653 0 _aGestión de la información
653 0 _aAudiovisuales educativos
773 _gVol. 13, no. 2 (2016), p. 493-504
_tRevista Eureka sobre enseñanza y divulgación de las ciencias
_x1697-011X
856 4 _uhttps://revistas.uca.es/index.php/eureka/article/view/2981
856 4 _uhttp://dx.doi.org/10.25267/Rev_Eureka_ensen_divulg_cienc.2016.v13.i2.18
902 _aLeonor Sotres/061124
905 _aArticulo
942 _cART-E
999 _c200663
_d200663